000 00273nam a2200109Ia 4500
008 190216s9999||||xx |||||||||||||| ||und||
100 _aVivekanandan G
245 0 _aWard No 7
260 _bSahithya Pravarthaka Sahakarana Sangam
650 _aMalayalam Nadakam
942 _cBK
999 _c25905
_d25905